Chile, hoy: exposición de hechos sugerencias apostólicas
Salvato in:
| Autore principale: | |
|---|---|
| Natura: | Libro |
| Lingua: | spagnolo |
| Pubblicazione: |
Santiago
Paulinas
1967
|
| Soggetti: | |
| Tags: |
Aggiungi Tag
Nessun Tag, puoi essere il primo ad aggiungerne!!
|
MARC
| LEADER | 00000nam a2200000 a 4500 | ||
|---|---|---|---|
| 001 | UCS5235 | ||
| 003 | CL-VaPUC | ||
| 008 | 970830e19670000CL |||||||||||||||||spa|d | ||
| 082 | 0 | 4 | |a 261.1 |b PIÑ |2 21 |
| 100 | 0 | |a Piñera C., Bernardino |e author |9 391081 | |
| 245 | 1 | 0 | |a Chile, hoy: exposición de hechos sugerencias apostólicas |
| 300 | |a 140 p | ||
| 942 | |c BK | ||
| 945 | |d 19970830 00:00:00 |a jquezada | ||
| 260 | |a Santiago |b Paulinas |c 1967 | ||
| 650 | 0 | |a Catolicismo |9 258690 | |
| 650 | 0 | |a Cristianismo |9 257361 | |
| 650 | 0 | |a Cultura |9 269059 | |
| 650 | 0 | |a Interacción social |9 307764 | |
| 650 | 0 | |a Psicología |9 257863 | |
| 650 | 0 | |a Economía |9 255568 | |
| 650 | 0 | |a Sociología |9 255410 | |
| 650 | 7 | |a COMUNICACION DE MASAS |2 CL-VaPUC |9 334823 | |
| 650 | 0 | |a Ciencia |9 255691 | |
| 583 | |a last modification |c 19970830 00:00:00 |k Rodrigo Vera | ||
| 999 | |c 261847 |d 261845 | ||
| 952 | |0 0 |1 0 |4 0 |6 261_100000000000000_PIÑ_1967 |7 0 |8 A |9 289702 |a BIBDER |b BIBDER |d 2019-11-19 |i 3331415 |o 261.1 PIÑ 1967 |p 3331415 |r 2023-01-25 |w 2019-11-19 |y BK |k DER | ||